000
00326 a2200145 4500
001
177159
020
_a
040
_c
Magnum
100
_a
Wilkes, Angela
240
1
0
_a
Meu primeiro livro de ciencias
_l
por
245
1
0
_a
Meu primeiro livro de ciencias
362
0
_a
1899
697
_a
MAGNITO: PARADIDATICOS
942
_c
BK
999
_c
177159
_d
177159